01115nam a22002297a 45000010005000000030006000050050017000110080041000280200018000690400029000870500009001160820012001251000022001372450057001592600046002163000059002625050007003215200476003285210028008045210019008327000034008517989FISKH20250818100441.0250818b cb ||||| |||| 00| 0 eng d a9780721421193 aFISKHbengcFISKHdFISKH aPZ7  a823.914 aGrahame, Kenneth  aWind in the willows /cillustrated by John Parience  aUnited Kingdom : bPeter haddock, c1996. a10 unnumbered pages : bcolor illustrations ; c19 cm  aM  aIn Vincent Toad’s spirited desire to abandon the simpler pleasures of boating, he becomes enthralled by the freedom of life on the road—a gypsy caravan, travel, and ever-shifting horizons. Known as the "The Open Road" chapter or story from The Wind in the Willows, it's often published in standalone or abridged formats for younger audiences. In this edition, the narrative is tailored for children's board books—focusing on vivid imagery and concise storytelling. 8 a530 bLexile estimate 8 aM bRaz-Plus  aParience, John eillustrator